Dama de corazones / : (Registro nro. 39511)
[ vista simple ]
| 000 -CABECERA | |
|---|---|
| campo de control de longitud fija | 00790nam a2200205 a 4500 |
| 001 - NÚMERO DE CONTROL | |
| campo de control | 000040021 |
| 005 - FECHA Y HORA DE LA ÚLTIMA TRANSACCIÓN | |
| campo de control | 20201002033853.0 |
| 008 - DATOS DE LONGITUD FIJA--INFORMACIÓN GENERAL | |
| campo de control de longitud fija | 130802s2004 mx 000 0 spa d |
| 020 ## - NÚMERO INTERNACIONAL ESTÁNDAR DEL LIBRO | |
| Número Internacional Estándar del Libro | 9703204724 |
| 040 ## - FUENTE DE LA CATALOGACIÓN | |
| Centro catalogador/agencia de origen | DO-SdBNP |
| Lengua de catalogación | spa |
| Centro/agencia transcriptor | BNPHU |
| 100 1# - ENTRADA PRINCIPAL--NOMBRE DE PERSONA | |
| Nombre de persona | Villaurrutia, Xavier |
| Fechas asociadas al nombre | 1903-1950. |
| 9 (RLIN) | 66254 |
| 245 10 - MENCIÓN DE TÍTULO | |
| Título | Dama de corazones / : |
| Resto del título | Xavier Villaurrutia ; introducción Pedro Angel Palou. |
| 260 ## - PUBLICACIÓN, DISTRIBUCIÓN, ETC. | |
| Lugar de publicación, distribución, etc. | México : |
| Nombre del editor, distribuidor, etc. | Universidad Nacional Autónoma de México, |
| Fecha de publicación, distribución, etc. | 2004. |
| 300 ## - DESCRIPCIÓN FÍSICA | |
| Extensión | 43 p. ; |
| Dimensiones | 17 cm. |
| 490 1# - MENCIÓN DE SERIE | |
| Mención de serie | Relato Licenciado Vidriera |
| Designación de volumen o secuencia | 12 |
| 500 ## - NOTA GENERAL | |
| Nota general | Incluye referencias bibliográficas y notas al pie de las páginas |
| 500 ## - NOTA GENERAL | |
| Nota general | La biblioteca posee la segunda reimpresión del año 2004 |
| 700 1# - PUNTO DE ACCESO ADICIONAL--NOMBRE DE PERSONA | |
| Nombre de persona | Palou, Pedro Ángel |
| Fechas asociadas al nombre | 1966- |
| 9 (RLIN) | 66255 |
| 830 #0 - PUNTO DE ACCESO ADICIONAL DE SERIE-TÍTULO UNIFORME | |
| Título uniforme | Relato Licenciado Vidriera |
| Designación de volumen o secuencia | 12 |
| 9 (RLIN) | 66234 |
| Estado de retiro | Estado de pérdida | Restricciones de uso | No para préstamo | Código de colección | Localización permanente | Ubicación/localización actual | Ubicación en estantería | Fecha de adquisición | Número de inventario | Total de préstamos | Signatura topográfica completa | Código de barras | Fecha visto por última vez | Precio válido a partir de | Tipo de ítem Koha |
|---|---|---|---|---|---|---|---|---|---|---|---|---|---|---|---|
| Monografías: Libros y Folletos | General | General | Orden iniciada | 02.08.2013 | LF1 | 40021-10 | 25.06.2020 | 25.06.2020 | No se presta | ||||||
| Monografías: Libros y Folletos | General | General | Orden iniciada | 02.08.2013 | LF1 | 40021-20 | 25.06.2020 | 25.06.2020 | No se presta | ||||||
| Monografías: Libros y Folletos | General | General | Orden iniciada | 02.08.2013 | LF1 | 40021-30 | 25.06.2020 | 25.06.2020 | No se presta |
